000 00307nam a22001217a 4500
008 170712b xxu||||| |||| 00| 0 eng d
041 _aeng
080 _a82
100 _a21
101 _aFJA
245 _aA COMPLETE CONCORDANCE OF TO THE OLD AND NEW TESTATEMENT OF APOCRYPHA
_cCRUDEN, A
942 _2udc
_cBK
999 _c20334
_d20334